Comportamiento del consumidor : enfoque América Latina /
Visión práctica, con respaldo teórico, de todos los aspectos que caracterizan el comportamiento del consumidor, visión aplicada a los consumidores latinoamericanos. Se incluye un recorrido por los diferentes componentes de la decisión individual de compra y consumo, las sensaciones y la percepción,...
保存先:
| 第一著者: | |
|---|---|
| フォーマット: | 図書 |
| 言語: | スペイン語 |
| 出版事項: |
México :
McGraw-Hill,
2002, c2002
|
| 主題: | |
| タグ: |
タグなし, このレコードへの初めてのタグを付けませんか!
|
MARC
| LEADER | 00000nam^a2200000^a^4500 | ||
|---|---|---|---|
| 001 | 000131856 | ||
| 005 | 20250521000000.0 | ||
| 009 | 20260310095037.342 | ||
| 020 | |a 970-10-3527-5 | ||
| 037 | |a Acervo ITESO - Biblioteca | ||
| 041 | |a ESP | ||
| 082 | |a 658. 8342 |b ARE | ||
| 100 | |a Arellano Cueva, Rolando |e (autor) | ||
| 245 | 1 | 0 | |a Comportamiento del consumidor : |b enfoque América Latina / |c R. Arellano Cueva. |
| 264 | 4 | |a México : |b McGraw-Hill, |c 2002, c2002 | |
| 300 | |a XXII, 457 p. | ||
| 336 | |a texto |b txt |2 rdacontenido | ||
| 337 | |a sin mediación |b n |2 rdamedio | ||
| 338 | |a volumen |b nc |2 rdasoporte | ||
| 520 | |a Visión práctica, con respaldo teórico, de todos los aspectos que caracterizan el comportamiento del consumidor, visión aplicada a los consumidores latinoamericanos. Se incluye un recorrido por los diferentes componentes de la decisión individual de compra y consumo, las sensaciones y la percepción, para analizar su aplicación a las técnicas de publicidad y distribución de productos y servicios. | ||
| 649 | |a XX | ||
| 650 | |a Consumo - |z Latinoamérica | ||
| 650 | |a Comportamiento del Consumidor - |z Latinoamérica | ||
| 650 | |a Motivación (Mercadotecnia) | ||
| 650 | |a Persuasión del Consumidor | ||
| 650 | |a Investigación de Mercado | ||
| 650 | |a Mercadotecnia Social | ||
| 650 | |a Mercadotecnia | ||
| 650 | |a Administración | ||
| 650 | |a Ciencias Administrativas | ||
| 650 | |a Latinoamérica - |x Condiciones Económicas | ||
| 650 | |a Latinoamérica - |x Condiciones Sociales y Culturales | ||
| 910 | |a Fondo General | ||
| 920 | |a Impresos - Libros | ||
| 930 | |a Colección General | ||
| 905 | |a 101 | ||
| 901 | |a 0500061356 |b IT1 |c ACC |u 20250521 | ||
| 902 | |a https://opac.biblio.iteso.mx/vufind/Record/000131856 | ||